| 000 | 00582nam a22001817a 4500 | ||
|---|---|---|---|
| 003 | OSt | ||
| 005 | 20260317065547.0 | ||
| 008 | 260317b |||||||| |||| 00| 0 eng d | ||
| 010 | _a2004104724 | ||
| 020 | _a0324223048 | ||
| 040 | _cTHOMSON | ||
| 050 |
_aHF 5718.3 .G83 2008 _b .G83 2008 |
||
| 245 |
_aBUSINESS COMMUNICATION: _bPROCESS & PRODUCT / _cGUFFEY, MARY ELLEN |
||
| 250 | _a5TH EDITION | ||
| 260 |
_aSOUTH WESTERN: _bTHOMSON, _c2008 |
||
| 300 |
_axxix, 585 pages, _bhardcover, includes bibliographic references and index, _cill. : col, 26.2 cm |
||
| 942 |
_2lcc _cBK _e5th ed. _n0 |
||
| 999 |
_c9984 _d9984 |
||